Statistics for Tennessee Area Codes Quiz

Click here to take the quiz!

General Stats

  • This quiz has been taken 12 times
  • The average score is 6 of 7

Answer Stats

LocationAnswer% Correct
Nashville615
100%
Knoxville865
91%
Eastern TN excluding Knoxville (Chattanooga)423
82%
Western TN excluding Memphis (Jackson)731
82%
Memphis901
82%
Nashville629
73%
Middle TN excluding Nashville (Clarksville)931
73%

Score Distribution

Percentile by Number Answered

Percent of People with Each Score

Your Score History

You have not taken this quiz